Library Banner

Web programming secrets with HTML, CGI, and perl (Record no. 8779)

MARC details
000 -LEADER
fixed length control field 00512nam a2200181Ia 4500
001 - CONTROL NUMBER
control field 7329
008 - FIXED-LENGTH DATA ELEMENTS--GENERAL INFORMATION
fixed length control field 140321s9999 xx 000 0 und d
020 ## - INTERNATIONAL STANDARD BOOK NUMBER
International Standard Book Number 1-56884-848-x
040 ## - CATALOGING SOURCE
Transcribing agency PK-LaUMT
082 ## - DEWEY DECIMAL CLASSIFICATION NUMBER
Classification number 004.67
Item number TIT-W
100 ## - MAIN ENTRY--PERSONAL NAME
Personal name Gaither, Mark, J.A.; (Hassinger, Sebastian), J.A.
245 ## - TITLE STATEMENT
Title Web programming secrets with HTML, CGI, and perl
Statement of responsibility, etc Gaither, Mark, J.A.; (Hassinger, Sebastian), J.A.<>Titel, Ed.
260 ## - PUBLICATION, DISTRIBUTION, ETC. (IMPRINT)
Date of publication, distribution, etc 1996
300 ## - PHYSICAL DESCRIPTION
Extent 828 p.
546 ## - LANGUAGE NOTE
Language note EN
700 ## - ADDED ENTRY--PERSONAL NAME
Personal name Titel, Ed.
942 ## - ADDED ENTRY ELEMENTS (KOHA)
Koha item type Books
Holdings
Withdrawn status Lost status Source of classification or shelving scheme Damaged status Not for loan Home library Current library Date acquired Total Checkouts Full call number Barcode Date last seen Price effective from Koha item type
    Dewey Decimal Classification     UMT Main Campus UMT Main Campus 2014-03-21   CS_ARC 004.67 TIT-W 8234 2014-03-21 2014-03-21 Books
    Dewey Decimal Classification     UMT Main Campus UMT Main Campus 2014-06-03   004.67 TIT-W 10841 2019-10-26 2014-06-03 Books